000 00606nam a2200265Ia 4500
005 20260306164116.0
008 008 260114s9999 xx 000 0 eng d
020 _a9781474418669
037 _aEBOOK
040 _aCRL
040 _beng
040 _cCRL
041 _2eng
041 _aeng
084 _qCRL
100 _aWoodward
245 0 _aLyotard And The Inhuman Condition
260 _bEdinburgh University Press
260 _c2018
650 _aPhilosophy
856 _uhttps://academic.oup.com/book/16078
942 _cEBOOK
999 _c1712783
_d1712783